| 000 | 00643nam a2200193 i 4500 | ||
|---|---|---|---|
| 001 | 113505 | ||
| 003 | ES-MaACL | ||
| 005 | 20230906185922.0 | ||
| 007 | t| | ||
| 008 | 061121s1963 sp r ||||1| spa d | ||
| 100 | 1 |
_aNocent, Adrien. _985811 |
|
| 245 | 1 | 0 |
_aContemplar su gloria _b: adviento, navidad, epifanía / _cAdrien Nocent ; traducción de Montserrat Serra Cantarell. |
| 260 |
_aBarcelona : _bEstela, _c1963. |
||
| 300 |
_a220 p. ; _c19 cm. |
||
| 630 | 0 | 4 |
_aBiblia- _xCrítica e interpretación. _9119239 |
| 650 | 0 | 4 |
_aAño litúrgico. _99903 |
| 700 | 1 |
_aSerra Cantarell, Montserrat. _9105626 |
|
| 852 |
_aES-MaACL _jC-25073 _bR.53789 |
||
| 999 |
_c113505 _d113505 |
||